00564nam a22001097a 4500040000800000082002600008100001700034245026400051260002600315300002600341856008700367 cRUA aAVM UN 2009 B087 Or.1 aUN, SOPHEAP. aStudy on house holder of cattle raising in saang district kandal province, ការសិក្សាអីការចិញ្ចឹមគោជាលក្ខណៈគ្រួសារនៅស្រុកស្អាង ខេត្តកណ្តាល aPhnom PenhbRUAc2009 aix; 49p.bill.c29cm. uhttps://drive.google.com/file/d/1XT7rDpTauboK8MQySOCxXNsxU4bonSiC/view?usp=sharing